<?xml version="1.0" encoding="UTF-8"?>
<marc:record xmlns:marc="http://www.loc.gov/MARC21/slim">
   <marc:leader>00000nam a2200000 a 4500</marc:leader>
   <marc:datafield ind1="1" ind2=" " tag="100">
      <marc:subfield code="a">Städing, Sabine</marc:subfield>
      <marc:subfield code="4">aut</marc:subfield>
      <marc:subfield code="e">Verfasser/-in</marc:subfield>
   </marc:datafield>
   <marc:datafield ind1="0" ind2="0" tag="245">
      <marc:subfield code="a">Petronella Apfelmus, Bd. 5</marc:subfield>
   </marc:datafield>
   <marc:datafield ind1="0" ind2="0" tag="245">
      <marc:subfield code="b">Hexenbuch und Schnüffelnase</marc:subfield>
   </marc:datafield>
   <marc:datafield ind1="0" ind2="0" tag="245">
      <marc:subfield code="c">Städing, Sabine</marc:subfield>
   </marc:datafield>
   <marc:datafield ind1=" " ind2="1" tag="264">
      <marc:subfield code="c">2017</marc:subfield>
   </marc:datafield>
   <marc:datafield ind1="1" ind2=" " tag="520">
      <marc:subfield code="a">Ein neues Abenteuer rund um Apfelhexe Petronella Apfelmus. Herbstzeit ist Bastelzeit. Und auch in Petronellas Garten geht es hoch her. Zusammen mit den Zwillingen, Hirschkäfer Lucius und den Apfemännchen wird gebastelt, was das Zeug hält. Doch am nächsten Tag sind die Apfelmännchen plötzlich verschwunden. Was ist bloß mit ihnen passiert? Dank Luis und seinem Detetikvset kommen Petronella und ihre Freunde schnell dahinter, dass die Apfelmännchen entführt wurden. Und Ferienhund Bello hilft ihnen mit seiner Schnüffelnase zum Glück auf die richtige Fährte. Tief in den Wald hinter Petronellas Garten ...</marc:subfield>
   </marc:datafield>
   <marc:datafield ind1=" " ind2=" " tag="020">
      <marc:subfield code="a">9783414824882</marc:subfield>
      <marc:subfield code="9">9783414824882</marc:subfield>
   </marc:datafield>
   <marc:datafield ind1=" " ind2=" " tag="020">
      <marc:subfield code="a">3414824884</marc:subfield>
      <marc:subfield code="9">3414824884</marc:subfield>
   </marc:datafield>
   <marc:datafield ind1=" " ind2=" " tag="338">
      <marc:subfield code="a">Band</marc:subfield>
   </marc:datafield>
   <marc:datafield ind1=" " ind2=" " tag="300">
      <marc:subfield code="a">206 S.</marc:subfield>
   </marc:datafield>
</marc:record>
